Chemistry experiments : (Record no. 3005)
[ view plain ]
| 000 -LEADER | |
|---|---|
| fixed length control field | 00601nam a22002177a 4500 |
| 003 - CONTROL NUMBER IDENTIFIER | |
| control field | OSt |
| 005 - DATE AND TIME OF LATEST TRANSACTION | |
| control field | 20160105095750.0 |
| 008 - FIXED-LENGTH DATA ELEMENTS--GENERAL INFORMATION | |
| fixed length control field | 130622t xxu||||| |||| 00| 0 eng d |
| 020 ## - INTERNATIONAL STANDARD BOOK NUMBER | |
| International Standard Book Number | 9607901045 |
| 050 ## - LIBRARY OF CONGRESS CALL NUMBER | |
| Classification number | QD 43 |
| Item number | .M345 1999 |
| 082 ## - DEWEY DECIMAL CLASSIFICATION NUMBER | |
| Classification number | IB 542 |
| Item number | M34 1999 |
| 100 ## - MAIN ENTRY--PERSONAL NAME | |
| Personal name | Marketos, Panayis G. |
| 245 ## - TITLE STATEMENT | |
| Title | Chemistry experiments : |
| Remainder of title | the laboratory as a teaching tool / |
| Statement of responsibility, etc | Panayis G. Marketos and George A. Rouvas. |
| 260 ## - PUBLICATION, DISTRIBUTION, ETC. (IMPRINT) | |
| Place of publication, distribution, etc | Athens : |
| Name of publisher, distributor, etc | Leader Books, |
| Date of publication, distribution, etc | 1999. |
| 300 ## - PHYSICAL DESCRIPTION | |
| Extent | 147 p. : |
| Dimensions | 29 cm. |
| 562 ## - COPY AND VERSION IDENTIFICATION NOTE | |
| Number of copies | 3 |
| 942 ## - ADDED ENTRY ELEMENTS (KOHA) | |
| Source of classification or shelving scheme | Library of Congress Classification |
| Koha item type | Books |
| Withdrawn status | Lost status | Source of classification or shelving scheme | Damaged status | Home library | Current library | Shelving location | Date acquired | Total Checkouts | Total Renewals | Full call number | Barcode | Date last seen | Date checked out | Copy number | Price effective from | Koha item type | Source of acquisition |
|---|---|---|---|---|---|---|---|---|---|---|---|---|---|---|---|---|---|
| Library of Congress Classification | Luxembourg Library | Luxembourg Library | International Baccalaureate Section | 06/22/2013 | 6 | 17 | QD 43 .M345 1999 | 14516 | 06/09/2020 | 02/11/2020 | 1 | 06/22/2013 | Books | ||||
| Library of Congress Classification | Luxembourg Library | Luxembourg Library | Teachers Reference Section | 06/22/2013 | QD 43 .M345 1999 | 14517 | 05/25/2015 | 2 | 06/22/2013 | Books | Donation | ||||||
| Library of Congress Classification | Luxembourg Library | Luxembourg Library | International Baccalaureate Section | 06/22/2013 | 3 | QD 43 .M345 1999 | 14518 | 04/14/2015 | 03/30/2015 | 3 | 06/22/2013 | Books |